01224 a2200181 45000010006000000050017000060080041000230030015000640400040000790800102001192450034002212640027002553000019002825050673003010410008009741000032009827000028010144601120260407155733.0260407a1965 arg spa dAR-UNSa-BCEJYS aAR-UNSa-BCEJYSbspacAR-UNSa-BCEJYS a001.5xTeorías científicas. hipótesis y sistemas. relaciones entre los hechos científicos10aLa explicación científica 1aMadrid :bTecnosc1965 a410 p.c23 cm. a1. Introducción – 2. Los sistemas deductivos de la ciencia y sus representaciones – 3. La condición de los términos teoréticos de una ciencia – 4. Los modelos de las teorías científicas, su uso y abuso – 5. Hipótesis estadísticas, enunciados probabilitarios y aritmética de razones de clase – 6. El significado de los enunciados probabilitarios dentro de un sistema científico – 7. La elección entre hipótesis estadísticas – 8. La justificación de la inducción – 9. Las leyes de la naturaleza y la casualidad – 10. Explicación casual y explicación teleológica – 11. La explicación de las leyes científicas.  aspa1 aSanchez de Zavala, Víctor1 aBraithwaite, Richard B.